Quiz sur l'Île de Pâques - Statistiques

Statistiques générales
  • Ce quiz a été pris 22 fois
  • Le résultat moyen est 9 sur 18
Statistiques - réponses
Indice Réponse % Correct
Pays auquel appartient l'île Chili
95%
Océan dans laquelle elle se trouve Océan Pacifique
95%
Secteur économique principal de l’île Tourisme
80%
Statues emblématiques présentes au nombre de 887 sur l'île Moaï
75%
Nom de l'île dans la langue d'origine du même nom Rapa nui
75%
Jour de la découverte, donnant son nom à l'île Dimanche de Pâques
70%
Religion majoritaire Catholicisme
65%
Organisme international ayant inscrit l’île de Pâques au patrimoine mondial UNESCO
65%
Roches composant ces statues Volcaniques : basalte, trachyte, tuf
50%
Ressource qui y disparut totalement vers le milieu du XVIIème siècle Bois
45%
Lieu où est retenu "l'ami dérobé" (Hoa Hakananai’a), une statue emportée par les britanniques en 1868 British Museum de Londres
40%
Nom donné aux habitants actuels de l'île Pascuans
30%
Année de découverte 1722
20%
Site habité le plus proche île Pitcairn
20%
Explorateur qui découvrit et nomma l'île Jakob Roggeveen
15%
Nom de la coiffe ornementale sculptée et posée sur la tête des statues, semblable à un drôle de chapeau Pukao
10%
Nom donné lors de son annexion par l'Espagne Isla San Carlos
5%
Nommez un des trois volcans principaux de l'île Terevaka, Poike, et Rano Kau
5%
Aucun quiz correspondant
Distribution des résultats
% des personnes avec chaque résultat
Percentile par nombre de réponses
Votre historique - résultats
Vous n’avez pas pris ce quiz